000 nam a22 7a 4500
999 _c43912
_d43912
003 OSt
005 20180317104429.0
008 180317b xxu||||| |||| 00| 0 eng d
040 _cIIMT
100 _aGUPTA,S.C.&GUPTA,INDRA
245 _aBUSINESS STATISTICS
260 _aNEW DELHI
_bHIMALAYA
_c2010
300 _a19.23
942 _2ddc
_c01